00477nam a2200181 a 4500001001300000003000900013005001700022008004100039020002300080082001800103100002000121245003400141260003200175300000900207500003500216505002400251650002000275nice12345678IN_TiNIC20260116013310.0050524s1998 dela grp 000 0 eng  a8173915 c39500a301.0954bPAL aPalanithurai, G aEthnic Movement in Transition aDelhibKanishka Pub. c1998 a232p aincludes index and biblioraphy2 aBibliography, Index aEthnology-India